00712nam a2200181 a 450000100100000000500170001000800410002704000250006810000420009324500900013526000400022530000370026550000420030270000550034404900090039995201050040899900170051300003783920240306073904.0100512s1961 dr ac 000 0 spa d aDO-SdBNPbspacBNPHU1 aBatista García, Francisco A.94606010aHistoria de Bonao /cFrancisco A. Batista García ; prólogo Vetilio Alfau Durán. aSanto Domingo :bDel Caribe,c1961. a368 p. :bils., retrs. ;c24 cm. aIncluye notas al pie de las páginas1 aAlfau Durán, Vetilio,d1909-1985epról.910091 aBNPD 0010718PDaPDbPDcCTd2013-03-06iLF1l0o p37839-10r2020-06-25w2020-06-25yLFPDZNo se presta c37329d37329